000 00380nam a2200169Ia 4500
001 29835
003 IN-NITTTR
005 20251114233405.0
008 251113s9999||||xx |||||||||||||| ||eng||
040 _beng
040 _cIN-NITTTR
041 _aeng
082 _a621.31933 L45W
100 _aLaxman Singh,
245 0 _aWireman coursebook /
_cLaxman Singh
942 _2ddc
_cBK
999 _c32463
_d32463